Fisheries bycatch: consequences and management: proceedings of the Symposium on the consequences and management of fisheries bycatch
Сохранить в:
| Формат: | |
|---|---|
| Язык: | английский |
| Опубликовано: |
Fairbanks
University of Alaska Sea Grant
1996
|
| Серии: | Report, 97-02
|
| Предметы: | |
| Метки: |
Добавить метку
Нет меток, Требуется 1-ая метка записи!
|
MARC
| LEADER | 00000nam a2200000 a 4500 | ||
|---|---|---|---|
| 001 | UCN9979 | ||
| 003 | CL-VaPUC | ||
| 005 | 20211113074317.0 | ||
| 008 | 020103e19960000us 1 eng d | ||
| 082 | 0 | 4 | |a 639.2 |b FIS |2 21 |
| 245 | 1 | 0 | |a Fisheries bycatch: consequences and management: proceedings of the Symposium on the consequences and management of fisheries bycatch |
| 260 | |a Fairbanks |b University of Alaska Sea Grant |c 1996 | ||
| 300 | |a 152 p | ||
| 490 | 0 | |a Report, 97-02 | |
| 583 | |a last modification |c 20020103 00:00:00 |k Rodrigo Vera | ||
| 650 | 0 | 7 | |a PESCA COMERCIAL |2 CL-VaPUC |9 620053 |
| 650 | 0 | 0 | |a Gestión de stocks |9 365220 |
| 650 | 0 | 7 | |a CUOTAS DE PESCA |2 CL-VaPUC |9 465747 |
| 650 | 0 | 7 | |a ECOSISTEMA MARINO |2 CL-VaPUC |9 466543 |
| 942 | |c BK | ||
| 945 | |a cmena |d 20020103 00:00:00 | ||
| 546 | |a En Inglés | ||
| 518 | |p Symposium on the Consequences and management of Fisheries Bycatch, Dearborn, Michigan, August 27-28, 1996 | ||
| 999 | |c 383739 |d 383737 | ||
| 952 | |0 0 |1 0 |4 0 |6 639_200000000000000_FIS_1996 |7 0 |8 CCM |9 505980 |a BIBCUR |b BIBCUR |d 2020-01-23 |i 378603K |o 639.2 FIS 1996 |p 378603K |r 2025-04-22 |w 2020-01-23 |y BK |k RNT | ||